000 01482nam a2200313Ia 4500
008 220216s9999 xx 000 0 und d
100 _aThiel KHSven
245 0 _aNovel functionalized synthetic rubbers for tyre applications
260 _bKautschuk Gummi Kunststoffe
_c2013
300 _a38-44
520 _aFunctionalized synthetic rubbers need to be selected for the production of low rolling resistance tires also having well balanced wet skid & abrasion resistance properties. The synthetic rubber business of styron operating in the area of synthetic rubber, particularly SSBR, SBR high and low cis-polybutadiene, is constantly extending the production volume and the scope of functionalized polymer grades. In October 2012 a new SSBR manufacturing plant with an annual capacity of 50.000 MT was going on stream. Furthermore, a tailor made functionalized neodymium catalyst made HCBR/modified SSBR polymer set was developmed.
650 _aFunctionalizeed rubber
650 _aHCBR
650 _ahigh cis-polybutadiene
650 _aModified polymers
650 _aModified rubber
650 _aPolybutadiene
650 _aRolling resistance
650 _aRubber formulations
650 _aSolution Styrene-Butadiene rubber
650 _aSSBR
650 _aStyrene-Butadiene Copolymers
650 _aSynthetic rubber
650 _aSynthetic Rubber
700 _aKiesekamp Joachim
700 _aRuehmer Thomas
700 _aSchkopau
942 _cJS
999 _c64092
_d64092